Statistical analysis for business : a conceptual approach

Αποθηκεύτηκε σε:
Λεπτομέρειες βιβλιογραφικής εγγραφής
Κύριος συγγραφέας: Smith, Lee H. 1935-
Άλλοι συγγραφείς: Williams, Donald R.
Μορφή: Βιβλίο
Γλώσσα:English
Δημοσίευση: Belmont, Calif. : Wadsworth Pub. Co., c1976
Έκδοση:2nd ed.
Θέματα:
Ετικέτες: Προσθήκη ετικέτας
Δεν υπάρχουν, Καταχωρήστε ετικέτα πρώτοι!

MARC

LEADER 00000cam a2200000 i 4500
001 1/57111
008 960307s1976 eng d
020 |a 0534003990 
035 |l 10028136 
040 |a GR-MY-UA  |b gre  |e aacr 
041 0 |a eng 
082 0 |a 519.502465 
100 1 |a Smith, Lee H.  |d 1935- 
245 1 0 |a Statistical analysis for business :  |b a conceptual approach /  |c Lee H. Smith, Donald R. Williams 
250 |a 2nd ed. 
260 |a Belmont, Calif. :   |b Wadsworth Pub. Co.,   |c c1976 
300 |a 803 σ.;  |b εικ.;  |c 27 εκ. 
504 |a Περιλαμβάνει βιβλιογραφικές παραπομπές και ευρετήριο 
650 0 0 |a Statistics. 
650 0 0 |a Statistics  |x Problems, exercises, etc. 
700 1 |a Williams, Donald R. 
852 |a INST  |b CHIOS  |e 19960307  |h 519.502465 SMI  |p 005200004759  |q 005200004759  |t BK  |y 0 
909 |a Χ  |b 000648